000 00298nam a2200133Ia 4500
008 231129s1994||||xx |||||||||||||| ||spa||
040 _bspa
082 _a986.101 G633p
100 _aGomez Valderrama Francisco
245 0 _aLos paeces
260 _c1994
264 _aLitoas
942 _2ddc
_cBKS
999 _c19916
_d19916